000 00589nam a2200181 i 4500
001 bg
100 1 _aSKARBIŃSKI, Michał
245 0 _aTechnologiczność konstrukcji maszyn /
_cMichał Skarbiński.
260 _aWarszawa :
_bWydawnictwa Komunikacji i Łączności,
_c1977.
650 9 _aMaszyny
_xbudowa i konstrukcje
655 _aPodręczniki akademickie
040 _cBPK
041 _apol
080 _a621
942 _cKS
008 s pl f |000 0 pol
856 _uhttp://koha.tu.koszalin.pl/cgi-bin/koha/opac-detail.pl?biblionumber=17269
_yKatalog online BPK
999 _c17269
_d17269